Detalles MARC
| 000 -LIDER |
| fixed length control field |
01039nam a2200289 a 4500 |
| 001 - NÚMERO DE CONTROL |
| Identificador de número de control |
000000331 |
| 003 - IDENTIFICACDOR DE NÚMERO DE CONTROL |
| control field |
000000331 |
| 005 - DATE AND TIME OF LATEST TRANSACTION |
| control field |
20180207085654.0 |
| 008 - ELEMENTOS DE LONGITUD FIJA |
| fixed length control field |
081127s 1967 ag a 000 0 spa d |
| 040 ## - FUENTE DE CATALOGACIÓN |
| Agencia que crea de manera original el registro |
BPMSU |
| Idioma de catalogación |
spa |
| Agencia que realiza la transcripción |
BPMSU |
| 092 ## - LOCALLY ASSIGNED DEWEY DECIMAL CALL NUMBER |
| Número de clasificación |
863.3 |
| Número de ítem (Cutter) |
L431t |
| 245 00 - MENCIÓN DE TITULO |
| Título |
La vida de Lazarillo de Tormes y de sus fortunas y adversidades / |
| Mención de responsabilidad |
estudio preliminar y notas de Celina Sabor de Cortazar; edición dirigida por María Hortencia Lacau |
| 250 ## - MENCIÓN DE EDICION |
| Mención de edición |
|
| 260 ## - PUBLICACIÓN, DISTRIBUCIÓN, ETC. (PIE DE IMPRENTA) |
| Lugar de publicación, distribución, etc |
Buenos Aires : |
| Nombre del editor, distribuidor, etc. |
Kapelusz, |
| Fecha de publicación, distribución, etc |
1967 |
| 300 ## - DESCRIPCIÓN FÍSICA |
| Extensión |
136 p.: |
| Otros detalles físicos |
il., |
| Dimensiones |
19 cm. |
| 490 1# - MENCIÓN DE SERIES |
| Mención de serie |
Grandes obras de la literatura universal |
| 505 0# - NOTA DE CONTENIDO |
| Título |
Tratado primero. Cuenta Lázaro su vida, y de cuyo hijo fué -- |
| 650 #4 - ENCABEZAMIENTO DE MATERIA--TEMÁTICO |
| Término temático o nombre geográfico como elemento de entrada |
NOVELA ESPAÑOLA |
| 650 #4 - ENCABEZAMIENTO DE MATERIA--TEMÁTICO |
| Término temático o nombre geográfico como elemento de entrada |
LITERATURA PICARESCA |
| 650 #4 - ENCABEZAMIENTO DE MATERIA--TEMÁTICO |
| Término temático o nombre geográfico como elemento de entrada |
LITERATURA ESPAÑOLA |
| 700 ## - ASIENTO SECUNDARIO -- NOMBRE PERSONAL |
| Término de relación |
Sabor de Cortazar, Celina |
| 700 ## - ASIENTO SECUNDARIO -- NOMBRE PERSONAL |
| Nombre personal |
Hortencia Lacau, María |
| Mención de responsabilidad |
ed. |
| 830 ## - ASIENTO SECUNDARIO DE SERIE--TÍTULO UNIFORME |
| Idioma de una obra |
Grandes obras de la literatura universal |
| 942 ## - ADDED ENTRY ELEMENTS (KOHA) |
| Source of classification or shelving scheme |
Dewey Decimal Classification |
| Koha item type |
Libros |
| 945 ## - INFORMACIÓN DE PROCESAMIENTO LOCAL |
| Información de procesamiento local |
inventariado, 2018 / dg |
| 956 ## - LOCAL ELECTRONIC LOCATION AND ACCESS (OCLC) |
| Nombre de host |
VMATEO |
| Número de acceso |
10 |
| Información de compresión |
20151215 |
| Inicio de sesión |
BPMSU |
| Procesador de solicitud |
00151 |